00423nam a22001457a 4500003000500000038001800005082000800023100002000031245005800051264003300109300002300142650002000165700003500185856005700220NUST aNusrat Nadeem a200 aKhattak, Nabiha aNUTECH – Case Analysis HR Office/cNabiha Khattak,  aIslamabad;bNBS NUST;c2024. a53,p;billc30,cm. a Executive MBA  aSupervisor: Mr. Mommin Durrani uhttp://10.250.8.41:8080/xmlui/handle/123456789/45686